ARRUPE JESUIT UNIVERSITY

CORONAVIRUS -STOP THE SPREAD - CLEAN,DISINFECT,COVER

Utopia / (Record no. 117836)

MARC details
000 -LEADER
fixed length control field 01204cam a2200301 a 4500
001 - CONTROL NUMBER
control field 12038150
003 - CONTROL NUMBER IDENTIFIER
control field ARRUPE
005 - DATE AND TIME OF LATEST TRANSACTION
control field 20130917163033.0
008 - FIXED-LENGTH DATA ELEMENTS--GENERAL INFORMATION
fixed length control field 000612s2001 ctu b 001 0 eng
010 ## - LIBRARY OF CONGRESS CONTROL NUMBER
LC control number 00044917
020 ## - INTERNATIONAL STANDARD BOOK NUMBER
International Standard Book Number 0300084285 (cloth : alk. paper)
020 ## - INTERNATIONAL STANDARD BOOK NUMBER
International Standard Book Number 0300084293 (paper : alk. paper)
040 ## - CATALOGING SOURCE
Original cataloging agency DLC
Transcribing agency DLC
Modifying agency DLC
041 1# - LANGUAGE CODE
Language code of text/sound track or separate title eng
Language code of original and/or intermediate translations of text lat
050 00 - LIBRARY OF CONGRESS CALL NUMBER
Classification number HX810.5
Item number .E54 2001
082 00 - DEWEY DECIMAL CLASSIFICATION NUMBER
Classification number 335/.02
Edition number 21
300 ## - PHYSICAL DESCRIPTION
Dimensions 21 cm.
100 1# - MAIN ENTRY--PERSONAL NAME
Personal name More, Thomas,
Titles and other words associated with a name Saint,
Dates associated with a name 1478-1535.
9 (RLIN) 376
240 10 - UNIFORM TITLE
Uniform title <a href="Utopia.">Utopia.</a>
Language of a work English
245 10 - TITLE STATEMENT
Title Utopia /
Statement of responsibility, etc Thomas More ; translated and with an introduction by Clarence Miller.
260 ## - PUBLICATION, DISTRIBUTION, ETC. (IMPRINT)
Place of publication, distribution, etc New Haven, CT :
Name of publisher, distributor, etc Yale University Press,
Date of publication, distribution, etc c2001.
300 ## - PHYSICAL DESCRIPTION
Extent xxviii, 173 p. ;
504 ## - BIBLIOGRAPHY, ETC. NOTE
Bibliography, etc Includes bibliographical references (p. 163-165) and index.
650 #0 - SUBJECT ADDED ENTRY--TOPICAL TERM
Topical term or geographic name as entry element Utopias
Form subdivision Early works to 1800.
9 (RLIN) 377
700 1# - ADDED ENTRY--PERSONAL NAME
Personal name Miller, Clarence H.
9 (RLIN) 378
906 ## - LOCAL DATA ELEMENT F, LDF (RLIN)
a 7
b cbc
c orignew
d 1
e ocip
f 20
g y-gencatlg
942 ## - ADDED ENTRY ELEMENTS (KOHA)
Source of classification or shelving scheme Library of Congress Classification
Koha item type Monograph ( Printed materials)
Holdings
Withdrawn status Lost status Source of classification or shelving scheme Damaged status Not for loan Collection code Home library Current library Shelving location Date acquired Total Checkouts Full call number Barcode Date last seen Price effective from Koha item type
    Library of Congress Classification     Main Collection ARRUPE LIBRARY ARRUPE LIBRARY Main Collection 17/09/2013   HX810.5 .E54 2001 46406482 30/04/2018 17/09/2013 Monograph ( Printed materials)

 

Arrupe Library. PO Box MP320 Mt Pleasant, Harare, Zimbabwe
263 242 745411|librarian@aju.ac.zw